Marketing v energetice
Gespeichert in:
| 1. Verfasser: | |
|---|---|
| Weitere Verfasser: | , |
| Format: | Buch |
| Sprache: | Tschechisch |
| Veröffentlicht: |
Praha
Grada Publishing
2002
|
| Schriftenreihe: | Manažer
|
| Schlagworte: | |
| Tags: |
Keine Tags, Fügen Sie das erste Tag hinzu!
|
MARC
| LEADER | 00000nam a2200000 4500 | ||
|---|---|---|---|
| 001 | c143055 | ||
| 005 | 20221124092451.6 | ||
| 020 | |a 80-247-0370-X | ||
| 041 | 0 | |a cze | |
| 044 | |a CZ | ||
| 245 | 1 | 0 | |a Marketing v energetice |c Gustav Tomek, Věra Vávrová, Jiří Vašíček |
| 264 | 1 | |a Praha |b Grada Publishing |c 2002 | |
| 300 | |a 246 s. | ||
| 490 | 1 | |a Manažer | |
| 830 | 0 | |a Manažer | |
| 610 | 2 | 0 | |a energetika |
| 610 | 2 | 0 | |a marketing |
| 610 | 2 | 0 | |a marketing manažment |
| 610 | 2 | 0 | |a výskum |
| 610 | 2 | 0 | |a analýza trhu |
| 610 | 2 | 0 | |a dáta |
| 610 | 2 | 0 | |a segmentácia trhu |
| 610 | 2 | 0 | |a plánovanie strategické |
| 610 | 2 | 0 | |a plán marketingový |
| 610 | 2 | 0 | |a výrobky |
| 610 | 2 | 0 | |a sortiment |
| 610 | 2 | 0 | |a servis |
| 610 | 2 | 0 | |a komunikácia |
| 610 | 2 | 0 | |a kontrakty |
| 610 | 2 | 0 | |a distribúcia |
| 610 | 2 | 0 | |a kontroling |
| 610 | 2 | 0 | |a audit |
| 100 | 1 | |a Tomek, Gustav | |
| 700 | 1 | |a Vávrová, Věra | |
| 700 | 1 | |a Vašíček, Jiří | |